[Event "EU-ch U14 Girls 25th"]
[Site "Porec"]
[Date "2015.09.25"]
[Round "5"]
[White "Kalinowska, Zuzanna"]
[Black "Huseynova, Laman"]
[Result "1-0"]
[WhiteElo "1916"]
[BlackElo "1697"]
[PlyCount "107"]
[EventDate "2015.09.21"]
[EventType "swiss"]
[EventRounds "9"]
[EventCountry "CRO"]
[SourceTitle "EXT 2016"]
[Source "ChessBase"]
[SourceDate "2015.10.08"]
[SourceVersion "1"]
[SourceVersionDate "2015.10.08"]
[SourceQuality "1"]

1. d4 d5 2. Nf3 Nf6 3. c4 e6 4. g3 Be7 5. Bg2 0-0 6. 0-0 b6 7. Nc3 Bb7 8. cxd5 Nxd5 9. Nxd5 Bxd5 10. Qc2 Na6 11. e4 Nb4 12. Qb1 Bb7 13. a3 Nc6 14. Rd1 Qd7 15. Bf4 Na5 16. Ne5 Qc8 17. b4 Nc6 18. Nxc6 Bxc6 19. Qc2 Qd7 20. Rdc1 Ba4 21. Qxc7 Rfc8 22. Qxd7 Bxd7 23. Bc7 e5 24. Bxe5 Rxc1+ 25. Rxc1 Rc8 26. Rxc8+ Bxc8 27. d5 Bd8 28. Bf1 a6 29. f3 b5 30. Bd4 Bd7 31. Kf2 g5 32. Ke3 a5 33. Bc5 axb4 34. axb4 Bf6 35. f4 Bb2 36. h3 h5 37. Bd6 Bc1+ 38. Kd4 Bd2 39. fxg5 Bxg5 40. h4 Bd8 41. Be2 Bb6+ 42. Bc5 Bc7 43. d6 Bd8 44. Bxh5 Bf6+ 45. e5 Bg7 46. Bf3 Kf8 47. Bd5 Ke8 48. Ke4 Kf8 49. Be3 Bh8 50. Kf4 Bg7 51. g4 Kg8 52. g5 Kh8 53. Be4 Kg8 54. Bf5 1-0

[Event "EU-ch U14 Girls 25th"]
[Site "Porec"]
[Date "2015.09.24"]
[Round "4"]
[White "Huseynova, Laman"]
[Black "Parhomenko, Anastasija"]
[Result "1-0"]
[WhiteElo "1697"]
[BlackElo "1549"]
[PlyCount "119"]
[EventDate "2015.09.21"]
[EventType "swiss"]
[EventRounds "9"]
[EventCountry "CRO"]
[SourceTitle "EXT 2016"]
[Source "ChessBase"]
[SourceDate "2015.10.08"]
[SourceVersion "1"]
[SourceVersionDate "2015.10.08"]
[SourceQuality "1"]

1. e4 c5 2. Nf3 a6 3. d4 cxd4 4. Nxd4 Nf6 5. Nc3 e5 6. Nf3 Bb4 7. Bg5 Qc7 8. Bd2 d6 9. Nd5 Nxd5 10. exd5 Bxd2+ 11. Qxd2 Nd7 12. Be2 Nb6 13. 0-0 Bf5 14. Rac1 Rc8 15. c4 Qd7 16. Qe3 Na4 17. b4 0-0 18. Rfd1 b5 19. c5 Nb2 20. Rd2 Na4 21. Nh4 Bg4 22. c6 Bxe2 23. Qxe2 Qe7 24. Nf5 Qf6 25. Ne3 Qf4 26. a3 f5 27. c7 Rf6 28. Rdc2 Rh6 29. g3 Rg6 30. Qd3 Rg5 31. Rc6 Qd4 32. Qxd4 exd4 33. Nd1 f4 34. Rxd6 Kf7 35. Rd8 Nb6 36. Rc6 Re5 37. Rxb6 Rxc7 38. Nb2 f3 39. h4 Re1+ 40. Kh2 Rcc1 41. Kh3 h5 42. g4 Rg1 43. Rb7+ Kf6 44. Rf8+ Ke5 45. Nd3+ Kxd5 46. gxh5 Rc3 47. Nf4+ Kc6 48. Re7 Rxa3 49. Re6+ Kd7 50. Rf7+ Kd8 51. Rf8+ Kd7 52. Rf7+ Kd8 53. Rd6+ Ke8 54. Rdd7 Re1 55. Rxg7 Rh1+ 56. Kg4 Rg1+ 57. Kf5 Rxg7 58. Rxg7 Kf8 59. Ne6+ Ke8 60. h6 1-0

[Event "EU-ch U14 Girls 25th"]
[Site "Porec"]
[Date "2015.09.23"]
[Round "3"]
[White "Norlamo, Sarabella"]
[Black "Huseynova, Laman"]
[Result "0-1"]
[WhiteElo "1347"]
[BlackElo "1697"]
[PlyCount "146"]
[EventDate "2015.09.21"]
[EventType "swiss"]
[EventRounds "9"]
[EventCountry "CRO"]
[SourceTitle "EXT 2016"]
[Source "ChessBase"]
[SourceDate "2015.10.08"]
[SourceVersion "1"]
[SourceVersionDate "2015.10.08"]
[SourceQuality "1"]

1. e4 e5 2. Nf3 Nc6 3. d4 exd4 4. Bc4 Be7 5. 0-0 d6 6. c3 Bg4 7. cxd4 Bf6 8. Qb3 Bxf3 9. Bxf7+ Kf8 10. Bxg8 Rxg8 11. Qxf3 Nxd4 12. Qd3 Qd7 13. Nc3 Nc6 14. Nd5 Ne5 15. Qb3 c6 16. Nxf6 gxf6 17. Bh6+ Ke7 18. Rad1 b5 19. Bf4 Rg4 20. Bxe5 fxe5 21. Qh3 Rag8 22. Qxh7+ R8g7 23. Qh5 Rxg2+ 24. Kh1 Qe6 25. b3 Qf6 26. Qf5 Qh4 27. h3 R2g5 28. Qc8 Qxe4+ 29. f3 Qf5 30. Qc7+ Qd7 31. Qxd7+ Kxd7 32. Rg1 Ke6 33. Rg4 a5 34. a4 b4 35. Rc1 c5 36. Kg2 Rxg4+ 37. hxg4 Rc7 38. Kf2 d5 39. Ke3 c4 40. Kd2 Kf6 41. Ke3 Kg5 42. Rd1 Rc5 43. Rc1 Kf6 44. Kd2 Rc8 45. Rc2 Rd8 46. Ke2 Rc8 47. Kd2 Kg5 48. Ke3 c3 49. Rc1 Rh8 50. Rd1 Rd8 51. Re1 e4 52. fxe4 dxe4 53. Re2 Kxg4 54. Kxe4 Re8+ 55. Kd3 Rxe2 56. Kxe2 Kf4 57. Kd3 Kf3 58. Kc2 Ke3 59. Kc1 Kd3 60. Kd1 c2+ 61. Kc1 Ke2 62. Kxc2 Ke3 63. Kc1 Ke2 64. Kc2 Ke3 65. Kc1 Kd3 66. Kb2 Kd2 67. Ka1 Kc3 68. Ka2 Kc2 69. Ka1 Kxb3 70. Kb1 Ka3 71. Ka1 b3 72. Kb1 b2 73. Kc2 Ka2 0-1